Environment and health / (Record no. 165480)
[ view plain ]
| 000 -LEADER | |
|---|---|
| fixed length control field | 00654nam a22001937a 4500 |
| 005 - DATE AND TIME OF LATEST TRANSACTION | |
| control field | 20210902103923.0 |
| 010 ## - LCCN (DPL NO) | |
| LC control number | ENG-125671 ENG-129818 |
| 020 ## - INTERNATIONAL STANDARD BOOK NUMBER | |
| International Standard Book Number | 9789388398503 |
| Terms of availability | 800.00 |
| 035 ## - SYSTEM CONTROL NUMBER | |
| System control number | EN-109203 EN-113350 |
| 037 ## - SOURCE OF ACQUISITION | |
| Source of stock number/acquisition | DBAD/PUB |
| 082 ## - DEWEY DECIMAL CLASSIFICATION NUMBER | |
| Classification number | 363.700 |
| 100 ## - MAIN ENTRY--PERSONAL NAME | |
| Personal name | Damodaran, K. |
| 245 ## - TITLE STATEMENT | |
| Title | Environment and health / |
| Statement of responsibility, etc | by K.Damodaran |
| 260 ## - PUBLICATION, DISTRIBUTION, ETC. (IMPRINT) | |
| Place of publication, distribution, etc | Chennai |
| Name of publisher, distributor, etc | Shanlax Publications |
| Date of publication, distribution, etc | 2019 |
| 270 ## - ADDRESS | |
| Address | 61, 66 T.P.K. Main Road |
| City | Vasantha Nagar, Madurai |
| Postal code | 625003 |
| Telephone number | 0452-4208765, 7639303383 |
| Electronic mail address | publisher@shanlaxpublications.com |
| 300 ## - PHYSICAL DESCRIPTION | |
| Extent | 334p. |
| Dimensions | 22cm(pbk) |
| 500 ## - GENERAL NOTE | |
| General note | Includes references |
| 942 ## - ADDED ENTRY ELEMENTS (KOHA) | |
| Source of classification or shelving scheme | Dewey Decimal Classification |
| Item type | English Books |
| Classification part | 363.70 |
| Call number suffix | DAM |
| Withdrawn status | Lost status | Not for loan | Collection code | Home library | Current library | Date acquired | Source of acquisition | Cost, normal purchase price | Full call number | Barcode | Copy number | Cost, replacement price | Koha item type |
|---|---|---|---|---|---|---|---|---|---|---|---|---|---|
| Non-fiction | Ashok Vihar | Ashok Vihar | 19/06/2019 | DBAD/PUB | 800.00 | 363.70 DAM | EN-109203 | 1 | 800.00 | English Books | |||
| Non-fiction | Sarojini Nagar | Sarojini Nagar | 02/09/2021 | DBAD/PUB | 800.00 | 363.70 DAM | EN-113350 | 1 | 800.00 | English Books |
